MARC details
| 000 -LEADER |
| fixed length control field |
02096nam a22003497a 4500 |
| 001 - CONTROL NUMBER |
| control field |
102377 |
| 003 - CONTROL NUMBER IDENTIFIER |
| control field |
KnowledgeUnlatched |
| 005 - DATE AND TIME OF LATEST TRANSACTION |
| control field |
20210303105133.0 |
| 006 - FIXED-LENGTH DATA ELEMENTS--ADDITIONAL MATERIAL CHARACTERISTICS |
| fixed length control field |
m o d |
| 007 - PHYSICAL DESCRIPTION FIXED FIELD--GENERAL INFORMATION |
| fixed length control field |
cr u|||||||||| |
| 008 - FIXED-LENGTH DATA ELEMENTS--GENERAL INFORMATION |
| fixed length control field |
210129p20152019gw o u00| u eng d |
| 037 ## - SOURCE OF ACQUISITION |
| Institution to which field applies |
BiblioBoard |
| 020 ## - INTERNATIONAL STANDARD BOOK NUMBER |
| International Standard Book Number |
9783110346664 |
| 029 1# - OTHER SYSTEM CONTROL NUMBER (OCLC) |
| OCLC library identifier |
https://library.biblioboard.com/ext/api/media/13da7735-bb4a-4704-83ec-c657ae105670/assets/thumbnail.jpg |
| 040 ## - CATALOGING SOURCE |
| Original cataloging agency |
ScCtBLL |
| Transcribing agency |
ScCtBLL |
| 100 1# - MAIN ENTRY--PERSONAL NAME |
| Personal name |
Anikonov, Yu. E. |
| Relator term |
author. |
| 245 00 - TITLE STATEMENT |
| Title |
Multidimensional Inverse and Ill-Posed Problems for Differential Equations |
| Statement of responsibility, etc. |
Yu. E. Anikonov. |
| 264 #1 - PRODUCTION, PUBLICATION, DISTRIBUTION, MANUFACTURE, AND COPYRIGHT NOTICE |
| Name of producer, publisher, distributor, manufacturer |
De Gruyter, |
| 300 ## - PHYSICAL DESCRIPTION |
| Extent |
1 online resource (140 p.) |
| 506 0# - RESTRICTIONS ON ACCESS NOTE |
| Terms governing access |
Access copy available to the general public. |
| Standardized terminology for access restriction |
Unrestricted |
| Source of term |
star |
| 520 ## - SUMMARY, ETC. |
| Summary, etc. |
This monograph is devoted to statements of multidimensional inverse problems, in particular to methods of their investigation. Questions of the uniqueness of solution, solvability and stability are studied. Methods to construct a solution are given and, in certain cases, inversion formulas are given as well. Concrete applications of the theory developed here are also given. Where possible, the author has stopped to consider the method of investigation of the problems, thereby sometimes losing generality and quantity of the problems, which can be examined by such a method. The book should be of interest to researchers in the field of applied mathematics, geophysics and mathematical biology. |
| 588 0# - SOURCE OF DESCRIPTION NOTE |
| Source of description note |
Description based on print version record. |
| 590 ## - LOCAL NOTE (RLIN) |
| Local note |
KU Select 2018: STEM Backlist Books |
| 650 #7 - SUBJECT ADDED ENTRY--TOPICAL TERM |
| Topical term or geographic name entry element |
Mathematics |
| Source of heading or term |
bisacsh |
| 650 #0 - SUBJECT ADDED ENTRY--TOPICAL TERM |
| Topical term or geographic name entry element |
Mathematics |
| 655 #0 - INDEX TERM--GENRE/FORM |
| Genre/form data or focus term |
Electronic books. |
| 758 ## - |
| -- |
Is found in: |
| -- |
Knowledge Unlatched |
| -- |
https://openresearchlibrary.org/module/2774bc74-146a-484f-a7ba-ab1d6a09bbfb |
| 856 40 - ELECTRONIC LOCATION AND ACCESS |
| Uniform Resource Identifier |
<a href="https://openresearchlibrary.org/content/13da7735-bb4a-4704-83ec-c657ae105670">https://openresearchlibrary.org/content/13da7735-bb4a-4704-83ec-c657ae105670</a> |
| Public note |
View this content on Open Research Library. |
| -- |
0 |